Statystyki dla W jakim klubie gra ten piłkarz? #2

Kliknij tutaj aby rozwiązać quiz!

Ogólne statystyki

  • Ten quiz został rozwiązany 136 razy
  • Średni wynik to 13 z 17

Statystyki odpowiedzi

PiłkarzKlub% Poprawnych
Lionel MessiFC Barcelona
99%
Jakub
Błaszczykowski
Wisła Kraków
97%
Cristiano
Ronaldo
Juventus Turyn
93%
Wojciech SzczęsnyJuventus Turyn
90%
Marco VerrattiPSG
86%
Zlatan IbrahimovićAC Milan
84%
KokeAtlético Madryt
83%
Christian EriksenInter Mediolan
83%
Riyad MahrezManchester City
82%
Jaime VardyLeicester City
81%
Thomas MeunierPSG
78%
Dušan TadićAFC Ajax
71%
Christian GytkjærLech Poznań
67%
Dusan KuciakLechia Gdańsk
66%
Danijel SubašićAS Monaco
57%
Tomasz LoskaGórnik Zabrze
30%
Shōya NakajimaFC Porto
16%

Rozkład punktacji

Percentyl według liczby udzielonych odpowiedzi

Procent ludzi z każdym wynikiem

Twoja historia wyników

Nie rozwiązałeś tego quizu